000 00931cam a2200289 a 4500
001 2921
005 20250828152201.0
020 _a0590100769
040 _aDLC
_cDLC
_dDLC
_beng
050 0 0 _aPZ7.H1528
_b1998
082 0 0 _a813.6
100 1 _aHall, Zoe
_d1957-
245 1 4 _aThe surprise garden /
_cby Zoe Hall ; illustrated by Shari Halpern.
250 _aFirst Scholastic printing , March 1999
260 _aNew York :
_bBlue Sky Press,
_c1998
300 _a29 unnumbered pages :
_bcolor illustrations ;
_c29 cm.
505 _aJ
520 _aAfter sowing unmarked seeds, three youngsters wait expectantly for their garden to grow.
521 _a470
_bLexile
521 _aJ
_bRaz-Plus
650 1 _aGardens
_xFiction.
650 1 _aSeeds
_xFiction.
650 1 _aVegetables
_xFiction.
700 1 _aHalpern, Shari
_eillustrator
906 _a7
_bcbc
_corignew
_d1
_eocip
_f19
_gy-gencatlg
942 _2ddc
_cBK
_n0
999 _c2921
_d2921